00310 2200121 4500245007600000250001100076100002500087650001600112005001900128260001800147041001400165336000900179 aLAPORAN KARYA SISWA b : TANAMAN OBAT JAHEcSalwa Zhalilah PutrihText aCet. 1 aSalwa Zhalilah Putri aKarya Siswa a20240910082244 aJakartac2024 aIndonesia atext